Đồn điền của người Pháp ở Bắc Kỳ 1884 - 1918 /

সংরক্ষণ করুন:
গ্রন্থ-পঞ্জীর বিবরন
প্রধান লেখক: Tạ Thị Thúy
বিন্যাস: Sách giấy
ভাষা:Vietnamese
প্রকাশিত: Hà Nội : Thế giới , 1996
ট্যাগগুলো: ট্যাগ যুক্ত করুন
কোনো ট্যাগ নেই, প্রথমজন হিসাবে ট্যাগ করুন!
Thư viện lưu trữ: Thư viện Trường Đại học Đà Lạt
LEADER 00598nam a2200241 4500
001 DLU020010276
005 ##11/22/1999
041 # # |a vie 
082 # # |a 959.703  |b TA-T 
090 # # |a 959.703  |b TA-T 
100 # # |a Tạ Thị Thúy 
245 # # |a Đồn điền của người Pháp ở Bắc Kỳ 1884 - 1918 /  |c Tạ Thị Thúy 
260 # # |a Hà Nội :  |b Thế giới ,  |c 1996 
300 # # |a 413 tr.;   |c 20 cm. 
992 # # |a 35000 
994 # # |a DLU 
900 # # |a False 
911 # # |a Administrator 
925 # # |a G 
926 # # |a A 
927 # # |a SH 
980 # # |a Thư viện Trường Đại học Đà Lạt